Intervención en un hospital geriatrico /

Detalles Bibliográficos
Autor principal: Foladori A., Horacio
Otros Autores: Hidalgo M., Ricardo
Formato: Analitica de revista
Lenguaje:español
Acceso en línea:Acceso electrónico al documento

MARC

LEADER 00000cab a2200000 a 4500
001 042482
003 UAHC_CL
005 20170803124709.0
008 040519b xx j 000 1 spa
040 |a UAHC_CL  |c UAHC_CL  |d UAHC_CL 
100 1 |a Foladori A., Horacio 
245 1 0 |a Intervención en un hospital geriatrico /  |c Horacio Foladori A., Ricardo Hidalgo M. 
300 |a pp. 51-63 
700 1 |a Hidalgo M., Ricardo 
759 |a PP141 
773 0 |t Revista de psicologia social.  |w 041280 
856 |u http://rehue.csociales.uchile.cl/psicologia/publica/hospital_geriatrico.pdf  |3 Acceso electrónico al documento  |y Acceso electrónico al documento 
856 |u http://rehue.csociales.uchile.cl/psicologia/publica/hospital_geriatrico.pdf  |3 Acceso electrónico al documento  |y Acceso electrónico al documento 
900 |a REVISTA PSICOLOGIA U. CHILE-1998 
942 |c REVA 
952 |0 0  |1 0  |4 0  |6 REVISTA_PSICOLOGIA_U__CHILE1998  |7 0  |8 General  |9 79210  |a BC  |b BC  |c General  |d 2017-08-03  |l 0  |o REVISTA PSICOLOGIA U. CHILE-1998  |p FICTICIO7634  |r 2019-01-08 00:00:00  |t 1  |w 2017-08-03  |y REVA 
999 |c 42482  |d 42482